000 00476cam a22001097a 4500
008 180718b1973 xxu||||| |||| 00| 0 eng d
082 _aXA94068x5451 F/1970-71
100 _aCommittee of Direction for the Conduct of Family Budget S
245 _aReport on family budget survey of working class households in Kerala
_cby Committee of Direction for the Conduct of Family Budget Survey of Working Class Households
260 _aTrivandrum
_bGovernment Press
_c1973
300 _a355+p.
999 _c499069
_d499069